| 000 | 01672nam a2200493 i 4500 | ||
|---|---|---|---|
| 001 | 2112 | ||
| 003 | KOSZ 005 | ||
| 005 | 20200701142656.0 | ||
| 008 | 200701s1966 pl a f f 001 0 pol | ||
| 015 | _aUWD 1966/3133 | ||
| 035 | _a991038486879705066 | ||
| 035 | _a(PL-WaBN)b20304651-48omnis_nlop | ||
| 035 | _ab20304651 | ||
| 035 | _a(OCoLC)750019414 | ||
| 035 | _a(PL)b0000002030465 | ||
| 035 | _a(EXLNZ-48OMNIS_NETWORK)9910255394205606 | ||
| 040 |
_aWA N _cWA N _dKOSZ 005/AR |
||
| 046 | _k1966 | ||
| 080 | _a544 | ||
| 080 | _a(075.8) | ||
| 100 | 1 |
_aGórski, Andrzej _d(1920-2017) _eAutor |
|
| 245 | 1 | 0 |
_aChemia fizyczna : _bpodręcznik dla studentów wyższych szkół rolniczych / _cAndrzej Górski. |
| 250 | _aWydanie 2 poprawione i uzupełnione. | ||
| 260 |
_aWarszawa : _bPaństwowe Wydawnictwa Rolnicze i Leśne, _c1966. |
||
| 300 |
_a331, [1] strona : _bilustracje, errata ; _c23 cm. |
||
| 336 |
_aTekst _btxt _2rdacontent |
||
| 337 |
_aBez urządzenia pośredniczącego _bn _2rdamedia |
||
| 338 |
_aWolumin _bnc _2rdacarrier |
||
| 380 | _aKsiążki | ||
| 380 | _aPublikacje dydaktyczne | ||
| 380 | _aPublikacje naukowe | ||
| 385 |
_mPoziom nauczania _aSzkoły wyższe |
||
| 388 | _a1901-2000 | ||
| 388 | _a1945-1989 | ||
| 504 | _aBibliografia na stronie [320]. | ||
| 650 | _aChemia | ||
| 650 | _aChemia fizyczna | ||
| 655 | _aPodręczniki akademickie | ||
| 658 | _aChemia | ||
| 710 |
_aPaństwowe Wydawnictwo Rolnicze i Leśne _4pbl |
||
| 856 |
_uhttp://koha.tu.koszalin.pl/cgi-bin/koha/opac-detail.pl?biblionumber=2112 _yKatalog online BPK |
||
| 942 |
_2UKD _cKS |
||
| 999 |
_c2112 _d2112 |
||